000 00482nam a2200157Ia 4500
008 240729s9999 xx 000 0 und d
022 _a2185-0992
245 0 _aInternational Journal of Automotive Engineering
260 _aJapan
260 _bSociety of Automotive Engineers of Japan, Inc.
650 _a Motor vehicles. Aeronautics. Astronautics
650 _aTechnology
856 _uhttps://doaj.org/toc/fac2168ed0904920bee9e547831420cf
942 _2ddc
942 _cDOAJEJ
999 _c67110
_d67110
945 _a1
_bMadushi Gamage
_c1
_dMadushi Gamage